| 000 | 01502cam a22003737a 4500 | ||
|---|---|---|---|
| 003 | CHAP | ||
| 005 | 20220329135511.0 | ||
| 008 | 971013c19631970 r 00010 d | ||
| 010 | _a37612 | ||
| 011 | _a38584 | ||
| 035 | _a42704 | ||
| 040 | _cCHAP | ||
| 082 |
_a581.6 _bP3 |
||
| 100 | 0 | 0 |
_aPatiño, Víctor Manuel. _986186 |
| 245 | 0 | _aPlantas cultivadas y animales domésticos en América equinoccial | |
| 260 |
_aCali : _bImprenta DEPARTAMENTAL, _c1963-1970 |
||
| 300 |
_a5 V. _b: ILUS. |
||
| 505 | _aContenido: v.1 Frutales.- v.2 Plantas alimenticias.- v.3 Fibras.- v.5 Animales domésticos introducidos | ||
| 590 |
_aBATCH-UPD _b10 _c20130110 _lUCH01 _h2107 |
||
| 590 |
_aBATCH-UPD _b10 _c20130410 _lUCH01 _h1418 |
||
| 590 |
_aBATCH-UPD _b10 _c20130914 _lUCH01 _h0731 |
||
| 590 |
_aCONVERSION _b10 _c20130109 _lUCH01 _h1321 |
||
| 650 | 1 | 4 |
_aBotánica económica _xAmérica Latina. _914657 |
| 650 | 1 | 4 |
_aBotánica _xAmérica Latina. _914487 |
| 650 | 1 | 4 |
_aFruticultura _xAmérica Latina. _943687 |
| 650 | 1 | 4 |
_aPlantas cultivadas _xAmérica Latina. _988923 |
| 901 | _aBK | ||
| 942 | _cLIBRO | ||
| 949 |
_a581.6 P3 _bBC _cLIBRO _d33724000362240 _eLIBRO _fv.1 _h15371 _i42704 _si |
||
| 949 |
_a581.6 P3 _bBC _cLIBRO _d33724000362257 _eLIBRO _fv.2 _h15372 _i42704 _mD _si |
||
| 949 |
_a581.6 P3 _bBC _cLIBRO _d33724000362265 _eLIBRO _fv.2 c.2 _h29611 _i42704 _si |
||
| 949 |
_a581.6 P3 _bBC _cLIBRO _d33724000362273 _eLIBRO _fv.3 _h15373 _i42704 _mD _si |
||
| 949 |
_a581.6 P3 _bBC _cLIBRO _d33724000362299 _eLIBRO _fv.5 _h16634 _i42704 _si |
||
| 999 |
_c37612 _d37612 |
||